| 000 | 00578nam a22001937a 4500 | ||
|---|---|---|---|
| 999 |
_c172750 _d172750 |
||
| 005 | 20200212125415.0 | ||
| 010 | _aENG-127708 | ||
| 020 | _c200.00 | ||
| 035 | _aEN-111240 | ||
| 037 | _bDBAD/PUB | ||
| 082 | _a591.15 | ||
| 100 | _aArumugam,N | ||
| 245 |
_aAnimal Biotechnology/ _cby N. Arumugam [and] V.Kumaresan |
||
| 260 |
_aTamil Nadu _c2018 _bSage |
||
| 270 |
_a114/35G,A.R.P. Camp Road, Periavilai, Kottar P.O., Nagercoil, Kanyakumari _e629002 _bTamil Nadu |
||
| 300 |
_a488p. _b18cm(pbk) |
||
| 700 | _aV.Kumaresan | ||
| 942 |
_2ddc _cEN _h591.15 _mARU |
||